• 首页
  • 本馆介绍
  • 公告通知
  • 最新文献
  • 馆藏检索
  • 电子资源
  • 读者导购
  • 参考咨询
  • 我的图书馆
  • 登录
  • 详细信息显示
  • 放入我的书架
  • 预约/预借图书
  • 作者相关作品
  • 分类相关作品
  • 丛书相关作品
  • 出版社相关作品

书目信息

  • 表格格式
  • 工作单格式
  • 卡片格式
题名:
小说
    
 
作者: 瓦莱特 著 ;陈艳 译
分册:  
出版信息: 天津   天津人民出版社  2003
页数: 139页
开本: 18cm
丛书名: 法国大学128丛书
单 册:
中图分类: I054
科图分类:
主题词: 小说--文学理论
电子资源:
ISBN: 7-201-03478-2
000 01020oam2 2200277 450
001 070023340350
005 20051008103226.73
010    @a7-201-03478-2@dCNY12.80
100    @a20050122d2003 ekmy0chiy0120 ea
101 1  @achi@cfre
102    @aCN@b120000
105    @ay z 001yy
200 1  @a小说@9xiao shuo@e文学分析的现代方法与技巧@f(法)贝尔纳·瓦莱特著@F(fa)bei er na·wa lai te zhu@g陈艳译
210    @a天津@c天津人民出版社@d2003
215    @a139页@d18cm
225 2  @a法国大学128丛书@h第一辑@f徐伟民,张智庭主编
330    @a本书分三章:第一章为“故事要素”;第二章为“方法的主要方向”;第三章为“前景的研究”。
410  0 @12001 @a法国大学128丛书@1701 0@a徐伟民@Axu wei min@4主编@1701 0@a张智庭@Azhang zhi ting@4主编
517 1  @a文学分析的现代方法与技巧@9wen xue fen xi de xian dai fang fa yu ji qiao
606 0  @a小说@x文学理论
690    @aI054@v4
701  0 @a瓦莱特@Awa lai te@4著
702  0 @a陈艳@Achen yan@4译
801  0 @aCN@bTSSF@c20051008
905    @a10447@dI054@e125
999    @aAFJ
    
    小说:文学分析的现代方法与技巧/(法)贝尔纳·瓦莱特著/陈艳译.-天津:天津人民出版社,2003
    139页;18cm.-(法国大学128丛书.第一辑/徐伟民,张智庭主编)
    
    
    ISBN 7-201-03478-2:CNY12.80
    本书分三章:第一章为“故事要素”;第二章为“方法的主要方向”;第三章为“前景的研究”。
●
相关链接 在E读中查询图书 在五车中查询图书 在当当中查询图书 在豆瓣中查询图书


正题名:小说     索取号:I054/125         预约/预借

序号 登录号 条形码 馆藏地/架位号 状态 备注
1 0364289   3642892   第一样本阅览室/ [索取号:I054/125] 在馆    
2 0364290   3642909   第二借阅区/ [索取号:I054/125] 在馆    
3 0364291   3642918   第二借阅区/ [索取号:I054/125] 在馆    
4 0364292   3642927   第二借阅区/ [索取号:I054/125] 在馆    
5 0364293   3642936   第二借阅区/ [索取号:I054/125] 在馆    
6 0364294   3642945   第二借阅区/ [索取号:I054/125] 在馆    
7 0364295   3642954   第二借阅区/ [索取号:I054/125] 在馆    
8 0364296   3642963   第二借阅区/ [索取号:I054/125] 在馆    
9 0364297   3642972   第二借阅区/ [索取号:I054/125] 在馆    
10 0364298   3642981   第二借阅区/ [索取号:I054/125] 在馆    
唐山师范学院图书馆 欢迎您!
大连网信软件有限公司© 版权所有